<?xml version="1.0" encoding="UTF-8"?><?xml-stylesheet type="text/xsl" href="static/style.xsl"?><OAI-PMH xmlns="http://www.openarchives.org/OAI/2.0/" xmlns:xsi="http://www.w3.org/2001/XMLSchema-instance" xsi:schemaLocation="http://www.openarchives.org/OAI/2.0/ http://www.openarchives.org/OAI/2.0/OAI-PMH.xsd"><responseDate>2026-04-18T07:35:55Z</responseDate><request verb="GetRecord" identifier="oai:riubu.ubu.es:10259/9321" metadataPrefix="marc">https://riubu.ubu.es/oai/request</request><GetRecord><record><header><identifier>oai:riubu.ubu.es:10259/9321</identifier><datestamp>2025-06-09T11:30:45Z</datestamp><setSpec>com_10259_3844</setSpec><setSpec>com_10259_5086</setSpec><setSpec>com_10259_2604</setSpec><setSpec>col_10259_3845</setSpec></header><metadata><record xmlns="http://www.loc.gov/MARC21/slim" xmlns:doc="http://www.lyncode.com/xoai" xmlns:xsi="http://www.w3.org/2001/XMLSchema-instance" xmlns:dcterms="http://purl.org/dc/terms/" xsi:schemaLocation="http://www.loc.gov/MARC21/slim http://www.loc.gov/standards/marcxml/schema/MARC21slim.xsd">
<leader>00925njm 22002777a 4500</leader>
<datafield tag="042" ind1=" " ind2=" ">
<subfield code="a">dc</subfield>
</datafield>
<datafield tag="720" ind1=" " ind2=" ">
<subfield code="a">Perales Rondon, Juan Víctor</subfield>
<subfield code="e">author</subfield>
</datafield>
<datafield tag="720" ind1=" " ind2=" ">
<subfield code="a">Hernández Muñoz, Sheila</subfield>
<subfield code="e">author</subfield>
</datafield>
<datafield tag="720" ind1=" " ind2=" ">
<subfield code="a">González Baró, Ana C.</subfield>
<subfield code="e">author</subfield>
</datafield>
<datafield tag="720" ind1=" " ind2=" ">
<subfield code="a">Heras Vidaurre, Aránzazu</subfield>
<subfield code="e">author</subfield>
</datafield>
<datafield tag="720" ind1=" " ind2=" ">
<subfield code="a">Colina Santamaría, Álvaro</subfield>
<subfield code="e">author</subfield>
</datafield>
<datafield tag="260" ind1=" " ind2=" ">
<subfield code="c">2023-06-23</subfield>
</datafield>
<datafield tag="520" ind1=" " ind2=" ">
<subfield code="a">The combination of instrumental techniques allows obtaining precise and reliable information about the reactions taking place at the electrode/solution interface. Although UV–Vis absorption spectroelectrochemistry (UV–Vis SEC) provides a molecular insight about the species involved in the electrode process, obtaining information about the redox state of the products generated in this process is not always accessible by this technique. In this sense, scanning electrochemical microscopy (SECM) has a clear advantage, since it provides additional information on the oxidation state of the intermediates/products. Therefore, the combination of these two techniques facilitates obtaining a more complete picture of the electrochemical reaction studied from two different points of view, but under exactly the same experimental conditions. In this work, the combination of UV–Vis SEC in parallel configuration and SECM is carried out for the first time. This new technique allows distinguishing between those species that are electrochemically active and, at the same time, exhibit changes in the UV–Vis absorption spectra during the electrochemical reaction. The new experimental setup is first validated using ferrocenemethanol as a standard probe, concomitantly obtaining spectroscopic and electrochemical information that accurately describes the oxidation process. Finally, the strength of this combined technique is demonstrated by studying the antioxidant activity of o-vanillin (o-HVa) in the presence of electrogenerated superoxide. The information extracted from the new UV–Vis SEC/SECM technique makes it possible to identify, beyond any doubt, not only the origin of the electrochemical signals recorded in the SECM tip but also to evaluate the antioxidant effect of o-HVa at different concentrations.</subfield>
</datafield>
<datafield tag="024" ind2=" " ind1="8">
<subfield code="a">0003-2700</subfield>
</datafield>
<datafield tag="024" ind2=" " ind1="8">
<subfield code="a">http://hdl.handle.net/10259/9321</subfield>
</datafield>
<datafield tag="024" ind2=" " ind1="8">
<subfield code="a">10.1021/acs.analchem.2c05468</subfield>
</datafield>
<datafield tag="024" ind2=" " ind1="8">
<subfield code="a">1520-6882</subfield>
</datafield>
<datafield tag="245" ind1="0" ind2="0">
<subfield code="a">Simultaneous Scanning Electrochemical Microscopy and UV–Vis Absorption Spectroelectrochemistry</subfield>
</datafield>
</record></metadata></record></GetRecord></OAI-PMH>